| 000 | 00512nam a2200133Ia 4500 | ||
|---|---|---|---|
| 008 | 200902s9999 xx 000 0 und d | ||
| 020 | _a978-621-406-222-5 | ||
| 100 | _aLlanes, Cynthia C. | ||
| 245 |
_cCynthia C. Llanes, Elizabeth R. Pader, Ariel H. Magat, Rebecca V. CAlderon, Roel A. Elvambuena.-- _aLaboratory manual : _bLinear algebra with matlab / |
||
| 260 |
_aManila : _bMindshapers Co., Inc. _c2019 |
||
| 300 |
_avi , 129 pages : _billustrations ; _c28 cm. |
||
| 650 | _aAlgebras, linear | ||
| 650 | _aMATLAB | ||
| 999 |
_c363994 _d363994 |
||